| 000 | 00910nam a2200253 i 4500 | ||
|---|---|---|---|
| 001 | 189353 | ||
| 003 | SpMaBN | ||
| 005 | 20260525062938.0 | ||
| 008 | 190524s1944 ag cf |||| |dspa d | ||
| 080 | _a929 Pasteur | ||
| 100 | 1 |
_aVallery-Radot, René. _9112868 |
|
| 245 | 1 | 0 |
_aMadame Pasteur / _cRené Vallery-Radot ; traducción de Mabel Marañón Moya ; elogio de un librito por Gregorio Marañón. |
| 250 | _a1ª ed. popular para la Colección Austral. | ||
| 260 |
_aBuenos Aires : _bEspasa-Calpe, _c1944. |
||
| 300 |
_a154 p. : _b1 retr. ; _c18 cm. |
||
| 490 | 1 |
_aColección Austral ; _v470 |
|
| 500 | _aApéndice de cartas y documentos. | ||
| 599 | _aRetr. de Madame Pasteur y su esposo. | ||
| 600 | 1 | 7 |
_aPasteur, Marie Laurent, _d1826-1910 _9167122 |
| 600 | 1 | 4 |
_aPasteur, Louis. _989467 |
| 830 | 0 |
_aColección austral _v470 _9177655 |
|
| 852 |
_aES-MaACL _jL-32352 |
||
| 999 |
_c189353 _d189353 |
||